000 00664nam a2200217Ia 4500
003 IN-BaIIA
008 211028s9999 xx 000 0 eng d
020 _a0-7503-0355-7
040 _cIIA Library
080 _a53
_bTWE-III
245 0 _aTwentieth century physics
_bvol. III
_cedited by Laurie M. Brown, Abraham Pais, Sir Brian Pippard.
260 _aBristol
_bIOP Publishing
_c1995
300 _a[various pagings.]
650 _a20th Century
_919603
650 _aPhysics
_973
650 _aTwentieth century
_920050
700 _aLaurie M Brown., ed.
_920051
700 _aPais, Abraham., ed.
_920052
700 _aPippard, Brian., ed.
_920053
942 _cBK
999 _c11607
_d11607